लघु एवं गृह उद्योग / (Record no. 64395)

MARC details
000 -LEADER
fixed length control field 00753nam a22001817a 4500
005 - DATE AND TIME OF LATEST TRANSACTION
control field 2012032600090.0
020 ## - INTERNATIONAL STANDARD BOOK NUMBER
Terms of availability 600.00
International Standard Book Number 8186623868
035 ## - SYSTEM CONTROL NUMBER
System control number B-136338
037 ## - SOURCE OF ACQUISITION
Source of stock number/acquisition
Stock number dpl
082 ## - DEWEY DECIMAL CLASSIFICATION NUMBER
Classification number 338.642
100 ## - MAIN ENTRY--PERSONAL NAME
Personal name
245 ## - TITLE STATEMENT
Title लघु एवं गृह उद्योग /
Statement of responsibility, etc
260 ## - PUBLICATION, DISTRIBUTION, ETC. (IMPRINT)
Place of publication, distribution, etc दिल्ली
Name of publisher, distributor, etc नेशनल इंस्टीट्यूय ऑफ इन्डस्ट्रियल रिसर्च
Date of publication, distribution, etc
270 ## - ADDRESS
Address
City
Postal code
Telephone number
300 ## - PHYSICAL DESCRIPTION
Extent 542पृ.
Dimensions 22सेमी (अजिल्द)
942 ## - ADDED ENTRY ELEMENTS (KOHA)
Institution code [OBSOLETE] dpl
Item type Hindi Books
Call number prefix
Source of classification or shelving scheme Dewey Decimal Classification
Classification part 338.642
Call number suffix लघुए
Holdings
Withdrawn status Lost status Not for loan Collection code Home library Current library Date acquired Cost, normal purchase price Full call number Barcode Cost, replacement price Koha item type
      Non-fiction Sarojini Nagar Sarojini Nagar 26/03/2012 600.00 338.642 लघुए B-136338 600.00 Hindi Books

© Delhi Public Library
Hit Counter
free hit counter